French Food - Statistics

General Stats
  • This quiz has been taken 29 times
  • The average score is 15 of 18
Answer Stats
Hint Answer % Correct
Fromage Cheese
100%
Lait Milk
100%
Pomme Apple
97%
Cafe Coffee
97%
Pain Bread
93%
Poulet Chicken
93%
Vin Wine
93%
Oeuf Egg
90%
Jambon Ham
90%
Poisson Fish
86%
l'eau Water
86%
Gateua Cake
79%
Glace Ice Cream
79%
Viande Meat
72%
Fraise Strawberry
72%
Legumes Vegetables
72%
Frites Chips
59%
Bon Bon Sweets
45%
No matching quizzes found
Score Distribution
Percent of People with Each Score
Percentile by Number Answered
Your Score History
You have not taken this quiz